[Event "N1 Reykjavik Open 2014"]
[Site "Reykjavik, Iceland"]
[Date "2014.03.07"]
[Round "5.53"]
[White "Bjornsson, Sigurbjorn"]
[Black "Knutsson, Larus"]
[Result "1/2-1/2"]
[WhiteElo "2360"]
[BlackElo "2044"]
[EventDate "2014.03.04"]
[PlyCount "0"]

1.e4 e5 2.Nf3 Nf6 3.Nxe5 d6 4.Nf3 Nxe4 5.d4 d5 6.Bd3 Be7 7.Nc3 Bf5 8.O-O 
Nxc3 9.bxc3 Bxd3 10.Qxd3 O-O 11.Rb1 b6 12.Ne5 f6 13.Nf3 Qd7 14.Re1 Re8 15.
c4 c6 16.Bf4 g6 17.h4 Kf7 18.h5 Qg4 19.hxg6+ hxg6 20.Bg3 Rd8 21.Re3 Bf8 
22.Rbe1 Nd7 23.cxd5 cxd5 24.Qb5 Nb8 25.Qe2 Nd7 26.Qb5 Nb8 27.Bh4 Qd7 28.
Qe2 Nc6 29.Bxf6 Kxf6 30.Re6+ Kg7 31.Nh4 Ne7 32.Qg4 Kg8 33.R1e5 Bg7 34.Nxg6
Nxg6 35.Qxg6 Qf7 36.Qg5 Rf8 37.f3 Qf4 38.Rxd5 Qxg5 1/2-1/2

[Event "N1 Reykjavik Open 2014"]
[Site "Reykjavik, Iceland"]
[Date "2014.03.07"]
[Round "5.54"]
[White "Hansen, Lars-Henrik Bech"]
[Black "Vaarala, Eric"]
[Result "1/2-1/2"]
[WhiteElo "2022"]
[BlackElo "2285"]
[EventDate "2014.03.04"]
[PlyCount "0"]

1.e4 e6 2.d4 d5 3.Nc3 Bb4 4.Bd2 dxe4 5.Qg4 Nf6 6.Qxg7 Rg8 7.Qh6 Nc6 8.
O-O-O Rg6 9.Qh4 Bxc3 10.Bxc3 Ne7 11.d5 Nexd5 12.Bxf6 Qxf6 13.Qxe4 Qf4+ 14.
Qxf4 Nxf4 15.g3 Nd5 16.Nf3 1/2-1/2

[Event "N1 Reykjavik Open 2014"]
[Site "Reykjavik, Iceland"]
[Date "2014.03.07"]
[Round "5.55"]
[White "Zeier, Klaus"]
[Black "Raddatz, Michael"]
[Result "1-0"]
[WhiteElo "2253"]
[BlackElo "2044"]
[EventDate "2014.03.04"]
[PlyCount "95"]

1.e4 c5 2.Nf3 e6 3.d3 Nc6 4.g3 Be7 5.Bg2 Nf6 6.O-O O-O 7.Re1 d6 8.c3 e5 9.
Na3 a6 10.Nc2 b5 11.d4 Qb6 12.d5 Na5 13.Nh4 Bg4 14.Bf3 Bd7 15.b3 b4 16.c4 
Nb7 17.Nf5 Qd8 18.Bg5 a5 19.Nce3 h6 20.Bh4 Kh7 21.g4 g6 22.Nxe7 Qxe7 23.
Bg2 g5 24.Bg3 a4 25.h3 Ra7 26.Qf3 Ng8 27.Bf1 Qf6 28.Nf5 Ne7 29.Bd3 Rfa8 
30.Bc2 axb3 31.Bxb3 Ra3 32.Rab1 Nc8 33.Kg2 Nb6 34.Qe2 Na4 35.Bxa4 R8xa4 
36.Rb2 Na5 37.Rc1 Bc8 38.Ne3 Ba6 39.Qc2 Qe7 40.Rh1 Kg8 41.h4 Qd7 42.hxg5 
hxg5 43.Qe2 Rc3 44.Qf3 Kg7 45.Bxe5+ dxe5 46.Qh3 Kf6 47.Qh8+ Ke7 48.Qxe5+ 
1-0

[Event "N1 Reykjavik Open 2014"]
[Site "Reykjavik, Iceland"]
[Date "2014.03.07"]
[Round "5.56"]
[White "Barthel, Ansgar"]
[Black "Hardarson, Jon Trausti"]
[Result "1-0"]
[WhiteElo "2229"]
[BlackElo "2033"]
[EventDate "2014.03.04"]
[PlyCount "50"]

1.e4 e6 2.d4 d5 3.Nc3 Bb4 4.e5 c5 5.a3 Bxc3+ 6.bxc3 Ne7 7.Qg4 Qc7 8.Qxg7 
Rg8 9.Qxh7 cxd4 10.Ne2 Nbc6 11.f4 dxc3 12.Nxc3 a6 13.Bb2 Bd7 14.O-O-O 
O-O-O 15.Qh4 Kb8 16.Qf2 Nf5 17.Bd3 d4 18.Ne4 Ne3 19.Rdg1 Ng4 20.Qe2 Ncxe5 
21.fxe5 Qxe5 22.h3 Ne3 23.Qxe3 f5 24.Bxd4 Qa5 25.Nf6 e5 1-0

[Event "N1 Reykjavik Open 2014"]
[Site "Reykjavik, Iceland"]
[Date "2014.03.07"]
[Round "5.58"]
[White "Christiansen, Johan-Sebastian"]
[Black "Baldursson, Haraldur"]
[Result "1-0"]
[WhiteElo "2209"]
[BlackElo "2027"]
[EventDate "2014.03.04"]
[PlyCount "0"]

1.c4 e5 2.g3 Nf6 3.Bg2 d5 4.cxd5 Nxd5 5.Nc3 Nb6 6.e3 Be7 7.Nge2 O-O 8.O-O 
c6 9.f4 exf4 10.Nxf4 N8d7 11.d4 Nf6 12.Qd3 Nbd5 13.Ncxd5 Nxd5 14.Nxd5 cxd5
15.Qb3 Be6 16.Qxb7 Qd6 17.Qb3 Rfc8 18.Qd3 g6 19.Bd2 Rab8 20.Bc3 Qd7 21.a3 
h5 22.Rf2 h4 23.e4 hxg3 24.hxg3 Kg7 25.Raf1 f6 26.Qe3 Re8 27.Bd2 g5 28.Bc3
Bh3 29.e5 Bxg2 30.Rxg2 Rh8 31.e6 Qc6 32.Rgf2 Rh6 33.Bb4 Bxb4 34.Rxf6 Rxf6 
35.Qxg5+ Kh7 36.Rxf6 Bf8 37.Rf7+ 1-0

[Event "N1 Reykjavik Open 2014"]
[Site "Reykjavik, Iceland"]
[Date "2014.03.07"]
[Round "5.59"]
[White "Svensson, Lars-Ake"]
[Black "Gueler, Sebastian"]
[Result "0-1"]
[WhiteElo "2007"]
[BlackElo "2208"]
[EventDate "2014.03.04"]
[PlyCount "80"]

1.e4 e6 2.d3 d5 3.Nd2 Nf6 4.Ngf3 c5 5.g3 Nc6 6.Bg2 Be7 7.O-O O-O 8.Re1 Qc7
9.e5 Nd7 10.Qe2 b5 11.Nf1 Nd4 12.Nxd4 cxd4 13.Bf4 Bb7 14.h4 Rfc8 15.Rec1 
Qb6 16.Nh2 Rc6 17.c3 dxc3 18.Rxc3 Rxc3 19.bxc3 Rc8 20.Qb2 Nc5 21.Qd2 Na4 
22.Rc1 Ba3 23.Rc2 Qa5 24.Be3 Nxc3 25.Bd4 b4 26.Ng4 h5 27.Nf6+ gxf6 28.exf6
Kf8 29.Qg5 b3 30.Qg7+ Ke8 31.Qg8+ Bf8 32.axb3 Qb4 33.Be5 Nb5 34.Re2 Nd4 
35.Re3 Nf5 36.Re2 Qxb3 37.Bf3 d4 38.Bxb7 Qxb7 39.Re1 Rc2 40.Bd6 Nxd6 0-1

[Event "N1 Reykjavik Open 2014"]
[Site "Reykjavik, Iceland"]
[Date "2014.03.07"]
[Round "5.60"]
[White "Thorsteinsson, Arnar"]
[Black "Van der Merwe, Cecile H."]
[Result "1/2-1/2"]
[WhiteElo "2205"]
[BlackElo "2026"]
[EventDate "2014.03.04"]
[PlyCount "0"]

1.e4 c5 2.Nf3 Nc6 3.c3 Nf6 4.Bd3 g6 5.Bc2 Bg7 6.d4 cxd4 7.cxd4 d5 8.e5 Ne4
9.h3 Qa5+ 10.Nbd2 Bf5 11.O-O Nxd2 12.Bxd2 Bxc2 13.Qxc2 Qb6 14.Qd3 O-O 15.
b3 Rac8 16.h4 Nb4 17.Bxb4 Qxb4 18.Rac1 Bh6 19.Rc2 Qb6 20.Re1 Qe6 21.Ree2 
Rxc2 22.Rxc2 Rc8 23.a4 Rc6 24.Rc5 b6 25.Rc3 Qc8 26.Rxc6 Qxc6 27.g3 e6 28.
Kf1 Kf8 29.Kg2 Kg8 30.Nh2 Bf8 31.Ng4 h5 32.Nf6+ Kg7 33.Qd2 Be7 34.Qg5 Bxf6
35.exf6+ Kh7 36.g4 Qc2 37.gxh5 Qe4+ 38.Kg3 Qd3+ 39.f3 Qxd4 40.hxg6+ fxg6 
41.Kg2 Qb2+ 42.Kg3 Qd4 1/2-1/2

[Event "N1 Reykjavik Open 2014"]
[Site "Reykjavik, Iceland"]
[Date "2014.03.07"]
[Round "5.61"]
[White "Rydstrom, Tom"]
[Black "Mare, Eben"]
[Result "1-0"]
[WhiteElo "2198"]
[BlackElo "1967"]
[EventDate "2014.03.04"]
[PlyCount "0"]

1.e4 e5 2.Nf3 Nc6 3.Bb5 f5 4.d3 fxe4 5.dxe4 Nf6 6.O-O Bc5 7.Bxc6 bxc6 8.
Nxe5 d6 9.Nd3 Bg4 10.Qe1 Nd7 11.Nxc5 Nxc5 12.Be3 Nd7 13.Qc3 O-O 14.Qxc6 
Kh8 15.Qd5 Ne5 16.f4 c6 17.Qd4 Nf7 18.Nc3 Qh4 19.Rae1 a5 20.Bf2 Qh5 21.Bg3
Bc8 22.e5 d5 23.Qc5 Ba6 24.Rf2 Nh6 25.Qxc6 d4 26.Ne4 Ng4 27.Rd2 1-0

[Event "N1 Reykjavik Open 2014"]
[Site "Reykjavik, Iceland"]
[Date "2014.03.07"]
[Round "5.62"]
[White "Johannsson, Orn Leo"]
[Black "Halldorsson, Jon Arni"]
[Result "1/2-1/2"]
[WhiteElo "1999"]
[BlackElo "2185"]
[EventDate "2014.03.04"]
[PlyCount "0"]

1.e4 c6 2.d4 d5 3.exd5 cxd5 4.Bd3 Nc6 5.c3 Qc7 6.Ne2 Bg4 7.f3 Bh5 8.Nf4 
Nf6 9.Nxh5 Nxh5 10.O-O e6 11.f4 Nf6 12.Be3 Bd6 13.Nd2 h6 14.a4 g5 15.Qf3 
g4 16.Qe2 h5 17.b4 Ne7 18.Rac1 Qd7 19.Nb3 Ne4 20.Nc5 Bxc5 21.dxc5 f5 
1/2-1/2

[Event "N1 Reykjavik Open 2014"]
[Site "Reykjavik, Iceland"]
[Date "2014.03.07"]
[Round "5.63"]
[White "Derraugh, Geordie"]
[Black "Stolberg-Rohr, Thomine"]
[Result "1-0"]
[WhiteElo "2173"]
[BlackElo "1964"]
[EventDate "2014.03.04"]
[PlyCount "0"]

1.e4 e5 2.Nf3 Nc6 3.d4 exd4 4.Bc4 Bc5 5.c3 Nf6 6.cxd4 Bb4+ 7.Bd2 Bxd2+ 8.
Nbxd2 d5 9.exd5 Nxd5 10.Qb3 Na5 11.Qa4+ Nc6 12.Bb5 Bd7 13.O-O O-O 14.Qc4 
Nce7 15.Bxd7 Qxd7 16.Ne4 Qg4 17.Rfe1 Rad8 18.Qc5 Nf4 19.Ng3 Ned5 20.Qa3 
Rfe8 21.Ne5 Qg5 22.Re4 h5 23.Qf3 Re6 24.Qd1 h4 25.Nf3 Qf6 26.Rxe6 Qxe6 27.
Nxh4 Nb4 28.Qd2 Nbd3 29.Qe3 Qc6 30.Ngf5 Qf6 31.Rd1 Nxb2 32.Rd2 Nd5 33.Qb3 
Re8 34.h3 Re1+ 35.Kh2 g6 36.Qxd5 gxf5 37.Nf3 Rb1 38.Qxb7 Qd6+ 39.g3 Qb6 
40.Qc8+ Kg7 41.Qxf5 Nc4 42.Re2 Qc6 43.Qxb1 1-0

[Event "N1 Reykjavik Open 2014"]
[Site "Reykjavik, Iceland"]
[Date "2014.03.07"]
[Round "5.64"]
[White "Thiry, Jean-Christophe"]
[Black "Bjornsson, Bjorn Freyr"]
[Result "0-1"]
[WhiteElo "1996"]
[BlackElo "2158"]
[EventDate "2014.03.04"]
[PlyCount "0"]

1.d4 Nf6 2.Nf3 c5 3.c3 e6 4.Bf4 Nc6 5.e3 b6 6.Bd3 Be7 7.h3 d6 8.O-O O-O 9.
Nbd2 Bb7 10.Bh2 Re8 11.a4 Bf8 12.Qe2 e5 13.dxe5 dxe5 14.Rfd1 Qc8 15.Ne4 
Nxe4 16.Bxe4 g6 17.Bd5 Qf5 18.e4 Qf6 19.Bg3 h6 20.Rd2 Bg7 21.Rad1 Qe7 22.
Bxf7+ Qxf7 23.Bh4 Bf6 24.Rd7 Re7 25.Rxe7 Qxe7 26.Bxf6 Qxf6 27.Qc4+ Kf8 28.
Rd7 Rd8 29.Qd5 Rxd7 30.Qxd7 Qe7 31.Qg4 Qd6 32.Qh4 Kg7 0-1

[Event "N1 Reykjavik Open 2014"]
[Site "Reykjavik, Iceland"]
[Date "2014.03.07"]
[Round "5.65"]
[White "Saraiva, Alexandre Pacheco"]
[Black "Beltz, Franziska"]
[Result "0-1"]
[WhiteElo "1963"]
[BlackElo "2155"]
[EventDate "2014.03.04"]
[PlyCount "0"]

1.e4 c5 2.Nf3 e6 3.d4 cxd4 4.Nxd4 a6 5.g3 b5 6.Bg2 Bb7 7.O-O Qc7 8.Be3 d6 
9.Nd2 Nf6 10.f3 Nbd7 11.Rc1 d5 12.exd5 Bxd5 13.Bf2 Be7 14.a4 Qb7 15.axb5 
axb5 16.Qe2 b4 17.Qb5 O-O 18.Qxb7 Bxb7 19.Ra1 Rfc8 20.Rxa8 Rxa8 21.Rc1 Ra2
22.b3 Nd5 23.f4 Nc5 24.Nc4 Nc3 25.Bxb7 Nxb7 26.Kf1 Ra6 27.Ne5 f6 28.Nd3 
Kf7 29.Re1 Nd8 30.Ne2 Ne4 31.Be3 Bd6 32.Kg2 e5 33.fxe5 fxe5 34.Rd1 Ne6 35.
Kf3 Nf6 36.Kg2 Rc6 37.Ne1 Nc7 38.h3 Ncd5 39.Bc1 Ke6 40.g4 Bc5 41.Kf3 Rc8 
42.g5 Nh5 43.Ke4 Ng3+ 44.Nxg3 Nc3+ 45.Kf3 Rf8+ 46.Kg4 Nxd1 47.Ne4 Nf2+ 0-1

[Event "N1 Reykjavik Open 2014"]
[Site "Reykjavik, Iceland"]
[Date "2014.03.07"]
[Round "5.66"]
[White "Marentini, Marcel"]
[Black "Longo, Tyler"]
[Result "0-1"]
[WhiteElo "2155"]
[BlackElo "1961"]
[EventDate "2014.03.04"]
[PlyCount "0"]

1.c4 e6 2.Nc3 Nf6 3.d4 d5 4.cxd5 exd5 5.Bg5 c6 6.e3 Be7 7.Bd3 O-O 8.Nge2 
Nbd7 9.O-O b6 10.Ng3 h6 11.Bf4 g5 12.Be5 Nxe5 13.dxe5 Ng4 14.Nf5 Bxf5 15.
Bxf5 Nxe5 16.Qh5 Kg7 17.Rad1 Nc4 18.Ne4 Nxb2 19.Ng3 Bd6 20.Qe2 Nxd1 21.
Nh5+ Kg8 22.Rxd1 Be5 23.h4 Bg7 24.Qg4 Re8 25.e4 Re5 26.f4 Rxf5 27.Qxf5 Qc8
28.Nxg7 Kxg7 29.Qe5+ Kg8 30.hxg5 Qe6 31.Qc3 dxe4 32.gxh6 Qxh6 33.f5 Re8 
34.f6 Re6 35.Rd8+ Kh7 36.Qg3 Qxf6 37.Qh3+ Qh6 38.Qf5+ Kg7 39.Qg4+ Qg6 40.
Qh3 Qh6 41.Qg3+ Kf6 42.Qc3+ Ke7 43.Ra8 Qg5 44.Rxa7+ Kd6 45.Qh8 Qc1+ 46.Kf2
e3+ 47.Kf3 Qf1+ 48.Kg3 Rg6+ 49.Kh2 Qxg2# 0-1

[Event "N1 Reykjavik Open 2014"]
[Site "Reykjavik, Iceland"]
[Date "2014.03.07"]
[Round "5.67"]
[White "Chernukhin, Alexander"]
[Black "Farine, Jonathan"]
[Result "1/2-1/2"]
[WhiteElo "2135"]
[BlackElo "1953"]
[EventDate "2014.03.04"]
[PlyCount "42"]

1.c4 e5 2.Nc3 Nf6 3.g3 Nc6 4.Bg2 Bb4 5.Nf3 O-O 6.O-O Re8 7.Nd5 Bc5 8.Nxf6+
Qxf6 9.d3 d6 10.Nd2 Qg6 11.Ne4 Bb6 12.Rb1 f5 13.Nc3 f4 14.Nd5 fxg3 15.hxg3
Rf8 16.Nxb6 axb6 17.a3 Bg4 18.Be3 Rf6 19.Bxc6 bxc6 20.Kg2 Raf8 21.f3 c5 
1/2-1/2

[Event "N1 Reykjavik Open 2014"]
[Site "Reykjavik, Iceland"]
[Date "2014.03.07"]
[Round "5.68"]
[White "Djurhuus, Eivind X"]
[Black "Thorhallsson, Gylfi"]
[Result "1/2-1/2"]
[WhiteElo "1953"]
[BlackElo "2130"]
[EventDate "2014.03.04"]
[PlyCount "0"]

1.Nf3 e6 2.g3 f5 3.c4 Nf6 4.Bg2 Be7 5.O-O O-O 6.Nc3 c6 7.d3 d5 8.Qc2 d4 9.
Nb1 c5 10.e3 Nc6 11.exd4 cxd4 12.Re1 Bd7 13.a3 a5 14.Bf4 Ng4 15.Qc1 Rc8 
16.h3 e5 17.Bxe5 Ngxe5 18.Nxe5 Nxe5 19.Rxe5 f4 20.Nd2 fxg3 21.fxg3 Bd6 22.
Rd5 Bxg3 23.Nf3 Qe7 24.Qg5 Qxg5 25.Rxg5 Bf4 26.Rxa5 Rce8 27.Re1 Be3+ 28.
Kh2 Bc6 29.Rf1 Bf4+ 30.Kg1 Re2 31.b4 Bc7 32.Rh5 Rf6 33.b5 Rg6 34.bxc6 
Rgxg2+ 35.Kh1 bxc6 36.Rc5 Rg6 37.a4 Ra2 38.a5 Rf6 39.Kg1 Rxa5 40.Rxa5 Bxa5
41.Kg2 Bc3 42.Rb1 h6 43.Rb8+ Kh7 44.Rc8 Re6 45.Rc7 Ba5 46.Rc8 Bb6 47.Kf2 
c5 48.Rb8 Bc7 49.Rc8 Bd6 50.Nd2 Re3 51.Ne4 Be7 52.Kg2 Rxd3 53.Rc7 Bh4 54.
Rxc5 Re3 55.Nd6 Rg3+ 56.Kh2 Rc3 57.Rd5 Bg3+ 58.Kg2 Bxd6 59.Rxd6 Rxc4 60.
Kf3 h5 61.Kf4 g6 62.Kg5 Rc5+ 63.Kh4 Kh6 64.Rxd4 g5+ 65.Kg3 Rc3+ 66.Kg2 Kg6
67.Ra4 Re3 68.Ra5 Kf6 69.Ra6+ Re6 70.Ra5 Re5 71.Ra4 Kf5 72.Kg3 Re3+ 73.Kg2
Re2+ 74.Kg1 Re4 75.Ra3 Kf4 76.Kf2 Rd4 77.Kg2 Rd2+ 78.Kf1 Rh2 79.Rb3 Rd2 
80.Ra3 Rc2 81.Rb3 Rc4 82.Kg2 Re4 83.Kf2 Ra4 84.Rf3+ Ke4 85.Rb3 Ra2+ 86.Kf1
Rd2 87.Ra3 Rd3 88.Ra5 Kf4 89.Kg2 Rd2+ 90.Kg1 Re2 91.Rb5 Re5 92.Rb4+ Kf3 
93.Ra4 Re1+ 94.Kh2 Re2+ 95.Kg1 Rg2+ 96.Kh1 Rf2 97.Ra3+ Kf4 98.Ra5 Re2 99.
Kg1 Re5 100.Ra4+ Kg3 101.Ra3+ Kf4 102.Kf2 Re4 103.Rf3+ Ke5 104.Ra3 Rd4 
105.Kf3 Rc4 106.Ra5+ Kf6 107.Ra6+ Kf5 108.Ra5+ Kf6 109.Ra6+ Kf5 110.Ra5+ 
1/2-1/2

[Event "N1 Reykjavik Open 2014"]
[Site "Reykjavik, Iceland"]
[Date "2014.03.07"]
[Round "5.69"]
[White "Bjornsson, Sverrir Orn"]
[Black "Andersen, Niels Erik"]
[Result "0-1"]
[WhiteElo "2126"]
[BlackElo "1940"]
[EventDate "2014.03.04"]
[PlyCount "0"]

1.e4 c5 2.Nf3 d6 3.d4 cxd4 4.Nxd4 Nf6 5.Nc3 a6 6.Bc4 e6 7.Bb3 Nbd7 8.Qe2 
Nc5 9.Bg5 Be7 10.f4 h6 11.Bxf6 Bxf6 12.O-O-O Qc7 13.Rhe1 O-O 14.g4 Nxb3+ 
15.axb3 Qc5 16.e5 dxe5 17.fxe5 Bh4 18.Rf1 Bd7 19.Kb1 Qc7 20.Nf3 Be7 21.Rg1
Bc6 22.Ne4 Rfd8 23.Rde1 Rac8 24.g5 Bxe4 25.Qxe4 hxg5 26.Nxg5 Bxg5 27.Rxg5 
Rd2 28.c4 Rcd8 29.Qg4 g6 30.Rg1 Kf8 31.Rf1 Qa5 32.Rc1 Rf2 33.h4 Qd2 0-1

[Event "N1 Reykjavik Open 2014"]
[Site "Reykjavik, Iceland"]
[Date "2014.03.07"]
[Round "5.70"]
[White "Sigeman, Johan"]
[Black "Plater, Ronald"]
[Result "1-0"]
[WhiteElo "2123"]
[BlackElo "1938"]
[EventDate "2014.03.04"]
[PlyCount "91"]

1.c4 e6 2.Nc3 d5 3.d4 Nf6 4.Nf3 c6 5.g3 Nbd7 6.Bg2 Bd6 7.O-O O-O 8.Qc2 Re8
9.Rd1 Qe7 10.Bg5 h6 11.Bf4 Bxf4 12.gxf4 Nf8 13.Ne5 Nh5 14.e3 f5 15.Bf3 Nf6
16.Kh1 N6d7 17.cxd5 cxd5 18.Bh5 Rd8 19.Rg1 Nxe5 20.fxe5 Rd7 21.Nb5 Qh4 22.
Qe2 g5 23.Nd6 Rg7 24.Ne8 Re7 25.Nf6+ Kh8 26.Rg3 Bd7 27.Qf1 g4 28.Bxg4 Nh7 
29.Nxh7 Kxh7 30.Bf3 Rg7 31.Rc1 Bc6 32.Rh3 Qg5 33.Rh5 Qg6 34.Rh3 Rgg8 35.
Rg3 Qf7 36.Qh3 Rxg3 37.hxg3 Rh8 38.Kg2 Kg8 39.Qh4 Kg7 40.Bh5 Qf8 41.b4 Qd8
42.Qxd8 Rxd8 43.Be2 a6 44.Bxa6 Kf7 45.Bxb7 Bxb7 46.Rc7+ 1-0

[Event "N1 Reykjavik Open 2014"]
[Site "Reykjavik, Iceland"]
[Date "2014.03.07"]
[Round "5.71"]
[White "Sigurjonsson, Siguringi"]
[Black "Vanheirzeele, Daniel"]
[Result "0-1"]
[WhiteElo "1948"]
[BlackElo "2116"]
[EventDate "2014.03.04"]
[PlyCount "0"]

1.Nf3 c5 2.c4 Nc6 3.Nc3 e5 4.g3 g6 5.Bg2 Bg7 6.d3 Nge7 7.O-O O-O 8.Nd2 d6 
9.a3 a6 10.Rb1 Rb8 11.b4 cxb4 12.axb4 b5 13.Ba3 Be6 14.Nd5 f5 15.e3 g5 16.
f4 gxf4 17.gxf4 Qd7 18.Qe2 bxc4 19.dxc4 e4 20.Nxe7+ Nxe7 21.b5 axb5 22.
cxb5 Nd5 23.Bxe4 Nc3 24.Qd3 fxe4 25.Nxe4 Nxb1 26.Rxb1 Bf5 27.Qd5+ Kh8 28.
Rd1 Bxe4 29.Qxe4 Qg4+ 0-1

[Event "N1 Reykjavik Open 2014"]
[Site "Reykjavik, Iceland"]
[Date "2014.03.07"]
[Round "5.72"]
[White "Hackner, Oskar A"]
[Black "Ferreira, Alex"]
[Result "1/2-1/2"]
[WhiteElo "2105"]
[BlackElo "1933"]
[EventDate "2014.03.04"]
[PlyCount "0"]

1.d4 d5 2.c4 dxc4 3.e4 e5 4.Nf3 exd4 5.Bxc4 Bb4+ 6.Nbd2 Nc6 7.Qb3 Qe7 8.
O-O Na5 9.Qd3 Nxc4 10.Nxc4 Be6 11.Qxd4 Bxc4 12.Qxc4 O-O-O 13.Bf4 c6 14.
Rfc1 Bd6 15.e5 Bc7 16.b4 Qe6 17.b5 Qxc4 18.Rxc4 Ne7 19.Bg5 cxb5 20.Rxc7+ 
Kxc7 21.Bxe7 Rd5 22.Bd6+ Kd7 23.Ne1 Rc8 24.Rb1 Rc4 25.g3 Rcd4 26.Kf1 a6 
27.Rb3 f6 28.Re3 a5 29.a3 b4 30.axb4 fxe5 31.Bc5 Rc4 32.Nd3 e4 33.Nb2 Rc2 
34.Na4 Rd1+ 35.Kg2 axb4 36.Bxb4 Rd4 37.Rb3 Kc6 38.Nb2 b5 39.Kf1 Rd7 40.h4 
Rf7 41.Nd1 Rf3 42.Rb1 e3 43.Nxe3 Rcxf2+ 44.Kg1 Re2 45.Rc1+ Kb7 46.Nf1 Re4 
47.Bd6 Rd3 48.Bc5 Rc4 49.Rxc4 bxc4 50.Kf2 Kc6 51.Bf8 Rd7 52.Ne3 Rf7+ 53.
Kg2 Rxf8 54.Nxc4 Kd5 55.Nd2 Kd4 56.Nf3+ Ke3 57.Ng5 Rf2+ 58.Kh3 h6 59.Ne6 
g6 60.Kg4 Rf3 61.h5 gxh5+ 62.Kxh5 Ke4 63.Ng7 Ke5 64.Kxh6 Rxg3 65.Kh7 Rg1 
66.Kh6 Rg2 67.Nh5 Kf5 68.Ng7+ Kf6 69.Nh5+ Kf7 70.Nf4 Rg1 71.Kh5 Kf6 72.Kh4
Kf5 73.Ne2 Re1 74.Ng3+ Kf4 75.Nh5+ Ke4 76.Kg5 Rg1+ 77.Kf6 Rf1+ 78.Ke6 Ra1 
79.Ng3+ Kf4 80.Ne2+ Ke3 81.Nc3 Ra5 82.Kd6 Kd3 83.Nd5 Kd4 84.Nc7 Ke4 85.Ke6
Rg5 86.Kd6 Rh5 87.Ne8 Rh6+ 88.Kc5 Ke5 89.Nc7 Rh1 90.Nb5 Rc1+ 91.Kb4 Rc8 
92.Nc3 Rc6 93.Nb5 Kd5 94.Nc3+ Kd4 95.Nb5+ Kd3 96.Na7 Rc7 97.Nb5 Rc1 98.Na3
Ra1 99.Nb5 Rb1+ 100.Kc5 Rxb5+ 101.Kxb5 1/2-1/2

[Event "N1 Reykjavik Open 2014"]
[Site "Reykjavik, Iceland"]
[Date "2014.03.07"]
[Round "5.73"]
[White "Kilthau, Peter"]
[Black "Ragnarsson, Dagur"]
[Result "0-1"]
[WhiteElo "1886"]
[BlackElo "2105"]
[EventDate "2014.03.04"]
[PlyCount "0"]

1.e4 e6 2.Nc3 d5 3.exd5 exd5 4.d4 Nf6 5.Nf3 Be7 6.Be2 O-O 7.O-O Re8 8.Re1 
Nbd7 9.Bd3 Nf8 10.Ne2 c5 11.Ng3 Be6 12.dxc5 Bxc5 13.h3 Qc7 14.Be3 Ng6 15.
Bxc5 Qxc5 16.Bxg6 hxg6 17.Qd4 b6 18.c3 Bf5 19.Rad1 Rad8 20.Qa4 a5 21.Nxf5 
gxf5 22.Nd4 Re4 23.f3 Ree8 24.Qc6 f4 25.Qxc5 bxc5 26.Nb3 Rxe1+ 27.Rxe1 c4 
28.Nd4 Rb8 29.Re2 Kf8 30.a4 Nd7 31.Nc6 Rb6 32.Nxa5 Nc5 33.Rd2 Ra6 34.Nc6 
Rxc6 35.Rxd5 Nxa4 0-1

[Event "N1 Reykjavik Open 2014"]
[Site "Reykjavik, Iceland"]
[Date "2014.03.07"]
[Round "5.74"]
[White "Mehringer, Joerg"]
[Black "Schaefer, Reyk"]
[Result "0-1"]
[WhiteElo "1927"]
[BlackElo "2102"]
[EventDate "2014.03.04"]
[PlyCount "130"]

1.e4 e5 2.Nf3 d6 3.d4 exd4 4.Qxd4 a6 5.Bg5 Nc6 6.Bxd8 Nxd4 7.Nxd4 Kxd8 8.
Bc4 Nh6 9.O-O g6 10.c3 Bg7 11.Nd2 Re8 12.a4 Ke7 13.f4 Ng4 14.Rae1 Kf8 15.
h3 Nh6 16.N2f3 Bd7 17.Ng5 Kg8 18.g4 Re7 19.f5 Bf6 20.Ngf3 g5 21.Bb3 Kh8 
22.Rf2 Rae8 23.Nd2 Ng8 24.N4f3 h6 25.Rfe2 Bc6 26.Kf2 Kg7 27.Bc2 Kf8 28.Nd4
Bd7 29.Nc4 Bg7 30.Nf3 b5 31.Ne3 Nf6 32.axb5 axb5 33.Nd5 Nxd5 34.exd5 Rxe2+
35.Rxe2 Rxe2+ 36.Kxe2 b4 37.Kd2 Ke7 38.Bd3 c6 39.Be4 cxd5 40.Bxd5 Bb5 41.
c4 Ba4 42.Kc1 Bf6 43.Ne1 Bd4 44.Nd3 Be3+ 45.Kb1 Bd2 46.Nf2 f6 47.Bf3 Bb3 
48.Be2 Be3 49.Ne4 Bf4 50.Nf2 Be5 51.Ne4 Bf4 52.Nf2 d5 53.cxd5 Bxd5 54.Bf1 
Kd6 55.Kc2 b3+ 56.Kd3 Kc5 57.Kc3 Be5+ 58.Kd2 Bf4+ 59.Kc3 Be5+ 60.Kd2 Kd4 
61.Nd3 Bd6 62.Ne1 Bb4+ 63.Kd1 Ke3 64.Nd3 Bf3+ 65.Kc1 Bd2+ 0-1

[Event "N1 Reykjavik Open 2014"]
[Site "Reykjavik, Iceland"]
[Date "2014.03.07"]
[Round "5.75"]
[White "Grove, Michael"]
[Black "Traustason, Ingi Tandri"]
[Result "1-0"]
[WhiteElo "2097"]
[BlackElo "1854"]
[EventDate "2014.03.04"]
[PlyCount "131"]

1.e4 c5 2.Nc3 g6 3.g3 Bg7 4.Bg2 Nc6 5.Nf3 e6 6.O-O Nge7 7.d3 O-O 8.Bg5 h6 
9.Be3 b6 10.d4 d5 11.Qd2 Kh7 12.exd5 exd5 13.Ne2 c4 14.Ne5 Be6 15.f4 Qc7 
16.Nc3 Nxe5 17.fxe5 a6 18.b4 Rad8 19.Ne2 Nf5 20.c3 Qe7 21.Nf4 Nxe3 22.Qxe3
h5 23.Rae1 Bh6 24.Qf2 Bxf4 25.Qxf4 Bf5 26.Qd2 Qe6 27.Qg5 Kg7 28.h3 Bxh3 
29.Rf6 Qg4 30.Qxg4 Bxg4 31.Rxb6 Be6 32.a4 Ra8 33.a5 Rfb8 34.Rd6 Rd8 35.Rb6
Rdb8 36.Ra1 Kf8 37.Rc6 Rc8 38.Rxc8+ Rxc8 39.Rf1 Rb8 40.Rf6 Rb5 41.Kf2 Kg7 
42.Ke3 g5 43.Bf3 g4 44.Bg2 Rb8 45.Kf4 Rh8 46.Kg5 Rh7 47.Bf1 Rh8 48.Be2 Rh7
49.Bd1 Rh8 50.Rf1 Kf8 51.Kh4 Ke7 52.Rf6 Kd7 53.Ba4+ Kc7 54.Bc2 Kd7 55.Ba4+
Kc7 56.Bc2 Kd7 57.Rf2 Ke7 58.Ba4 Rb8 59.Rf6 Rh8 60.Bc6 Rb8 61.b5 axb5 62.
a6 Rb6 63.a7 Ra6 64.a8=Q Rxa8 65.Bxa8 Kd7 66.Bxd5 1-0

[Event "N1 Reykjavik Open 2014"]
[Site "Reykjavik, Iceland"]
[Date "2014.03.07"]
[Round "5.76"]
[White "Thorhallsson, Simon"]
[Black "Restuccia, Francisco"]
[Result "1/2-1/2"]
[WhiteElo "1636"]
[BlackElo "2093"]
[EventDate "2014.03.04"]
[PlyCount "0"]

1.d4 Nf6 2.c4 c5 3.d5 b5 4.cxb5 a6 5.f3 axb5 6.e4 Qa5+ 7.Bd2 b4 8.Na3 d6 
9.Nc4 Qc7 10.a3 bxa3 11.Rxa3 Rxa3 12.bxa3 g6 13.Ne2 Bg7 14.Nc3 Bd7 15.Be2 
O-O 16.O-O h5 17.Qc2 Na6 18.Rb1 Rb8 19.Rb3 Ne8 20.Qb1 Bd4+ 21.Kf1 Rxb3 22.
Qxb3 Qb8 23.Qb6 Nec7 24.Qxb8+ Nxb8 25.Nb6 Be8 26.a4 Nba6 27.Nb5 Nxb5 28.
Bxb5 Bxb5+ 29.axb5 Nc7 30.Nc8 Nxb5 31.Nxe7+ Kg7 32.Nc6 Bb2 33.Ke2 c4 34.
Kd1 Ba3 35.Bb4 Bxb4 36.Nxb4 Kf6 37.Nc6 Kg5 38.Na5 c3 39.Nb3 Kf4 40.Ke2 h4 
41.Nc1 f5 42.Nd3+ Kg5 43.f4+ Kf6 44.e5+ dxe5 45.fxe5+ Kf7 46.Nc5 g5 47.d6 
Ke8 48.Kd3 g4 49.d7+ Ke7 50.h3 gxh3 51.gxh3 f4 52.e6 c2 53.Kxc2 f3 54.Nb7 
Nd4+ 55.Kd3 Nxe6 56.d8=Q+ Nxd8 57.Nxd8 Kxd8 58.Ke3 Ke7 1/2-1/2

[Event "N1 Reykjavik Open 2014"]
[Site "Reykjavik, Iceland"]
[Date "2014.03.07"]
[Round "5.77"]
[White "Roets, Marius H"]
[Black "Sverrisson, Nokkvi"]
[Result "0-1"]
[WhiteElo "1437"]
[BlackElo "2066"]
[EventDate "2014.03.04"]
[PlyCount "106"]

1.d4 Nf6 2.c4 e6 3.Nf3 c5 4.d5 exd5 5.cxd5 d6 6.Nc3 g6 7.Bf4 Bg7 8.e4 O-O 
9.Be2 Bg4 10.Nd2 Bxe2 11.Qxe2 Re8 12.O-O a6 13.a4 Bf8 14.Nc4 Nh5 15.Be3 
Nd7 16.a5 Qc7 17.Rab1 Bg7 18.Qc2 Rab8 19.f3 b5 20.axb6 Nxb6 21.Qd3 Nxc4 
22.Qxc4 Qb7 23.g4 Nf6 24.Bf4 Red8 25.e5 dxe5 26.Bxe5 Nxd5 27.Bxb8 Ne3 28.
Qe2 Nxf1 29.Bf4 Bxc3 30.Qxf1 Bd4+ 31.Kg2 Re8 32.Qc4 Qb5 33.b3 Re2+ 34.Kg3 
Rb2 35.Rxb2 Qxc4 36.bxc4 Bxb2 37.Bd6 a5 38.Bxc5 a4 39.Kf4 a3 40.Bxa3 Bxa3 
41.Ke5 Kf8 42.Kd5 Ke7 43.c5 Kd7 44.f4 Bc1 45.Ke5 Bb2+ 46.Kd5 Bf6 47.h3 h6 
48.h4 Bxh4 49.Ke5 Bg3 50.Kf6 h5 51.gxh5 gxh5 52.Kg5 h4 53.Kg4 Kc6 0-1

[Event "N1 Reykjavik Open 2014"]
[Site "Reykjavik, Iceland"]
[Date "2014.03.07"]
[Round "5.78"]
[White "Szalontay, Mihaly"]
[Black "Heimisson, Hilmir Freyr"]
[Result "1-0"]
[WhiteElo "2066"]
[BlackElo "1761"]
[EventDate "2014.03.04"]
[PlyCount "0"]

1.e4 e6 2.f4 d5 3.e5 c5 4.Nf3 Nc6 5.c3 Bd7 6.Na3 Rc8 7.Nc2 Nge7 8.d4 Ng6 
9.Bd3 Be7 10.O-O cxd4 11.Ncxd4 Qb6 12.Kh1 Nxd4 13.Nxd4 Bc5 14.Qe2 Bxd4 15.
cxd4 Qxd4 16.Be3 Qb4 17.a3 Qb3 18.a4 O-O 19.Ra3 Qb4 20.Qf2 a6 21.h4 Rfd8 
22.h5 Ne7 23.h6 Nf5 24.Bxf5 exf5 25.hxg7 Be6 26.Bd4 Rc4 27.Qh4 Rdc8 28.Rh3
Kxg7 29.Qh6+ Kg8 30.Rg3+ 1-0

[Event "N1 Reykjavik Open 2014"]
[Site "Reykjavik, Iceland"]
[Date "2014.03.07"]
[Round "5.79"]
[White "Hoffmann, Hendrik"]
[Black "Altman, Joshua"]
[Result "1-0"]
[WhiteElo "2244"]
[BlackElo "1650"]
[EventDate "2014.03.04"]
[PlyCount "0"]

1.e4 c5 2.Nf3 d6 3.d4 cxd4 4.Nxd4 Nf6 5.Nc3 g6 6.f4 Nc6 7.Be3 Bg7 8.Be2 
Qb6 9.e5 dxe5 10.Nxc6 Qc7 11.Nxe5 O-O 12.O-O Rd8 13.Nb5 Qa5 14.Qe1 Qxe1 
15.Raxe1 Nd5 16.Bc4 Nxe3 17.Rxe3 e6 18.Rd3 Rxd3 19.cxd3 g5 20.d4 g4 21.Nd6
f6 22.Nxc8 fxe5 23.fxe5 b5 24.Bxe6+ Kh8 25.Nd6 h6 26.Rc1 a6 27.Rc8+ Rxc8 
28.Bxc8 Kg8 29.Kf2 1-0